[Event "Andalucia-ch U12 1011"]
[Site "Almeria"]
[Date "2011.03.25"]
[Round "1.9"]
[White "Lopez Gomez, Cristian"]
[Black "Martin Carmona, Gaston Manuel"]
[Result "0-1"]
[WhiteElo "1251"]
[BlackElo "1800"]
[PlyCount "30"]
[EventDate "2011.03.25"]
[EventType "swiss"]
[EventRounds "9"]
[EventCountry "ESP"]
[SourceTitle "EXT 2024"]
[Source "ChessBase"]
[SourceDate "2023.10.10"]
[SourceVersion "1"]
[SourceVersionDate "2023.10.10"]
[SourceQuality "1"]

1. e4 c5 2. Nf3 d6 3. Nc3 Nf6 4. Bc4 e6 5. d3 a6 6. Bg5 b5 7. Bb3 Be7 8. 0-0 0-0 9. a4 b4 10. Ne2 Nc6 11. c3 Bb7 12. d4 cxd4 13. cxd4 Nxd4 14. Nexd4 Nxe4 15. Bxe7 Qxe7 0-1